Statistiques concernant Eliminatoires Coupe du Monde 2018: Les plus gros scores (au moins 6 buts d'écart)

Cliquez ici pour prendre le quiz!

Statistiques générales

  • Ce quiz a été pris 145 fois
  • Le résultat moyen est 26 sur 54

Statistiques - réponses

Réponse% Correct
Chine
88%
Japon
88%
Allemagne
86%
Australie
84%
Espagne
83%
Corée du Sud
76%
Etats-Unis
74%
Iran
68%
Saint-Marin
68%
Portugal
67%
Andorre
66%
Belgique
66%
Liechtenstein
62%
Luxembourg
62%
Suède
61%
Arabie Saoudite
55%
Cambodge
54%
Estonie
52%
Qatar
52%
Gibraltar
51%
Bhoutan
50%
Laos
50%
Syrie
49%
Kosovo
48%
Algérie
47%
Malaisie
45%
Maroc
44%
Samoa
44%
Iles Féroé
43%
Koweït
43%
Croatie
42%
Jordanie
42%
Emirats Arabes Unis
41%
Honduras
41%
Norvège
41%
Tadjikistan
41%
Afghanistan
40%
Birmanie
40%
Guatemala
40%
Bangladesh
34%
Liban
34%
République Tchèque
33%
Timor Oriental
32%
Papouasie Nouvelle-Guinée
31%
Saint-Vincent-et-les-Grenadines
31%
Trinité-et-Tobago
28%
Mali
24%
Nouvelle-Calédonie
22%
Djibouti
20%
Palestine
20%
Guam
16%
Hong Kong
15%
Swaziland
13%
Tanzanie
11%

Distribution des résultats

Percentile par nombre de réponses

% des personnes avec chaque résultat

Votre développement - résultats

Vous n’avez pas pris ce quiz